| 000 | 01609nam0a22003491 4500 | ||
|---|---|---|---|
| 001 | v19\rc\1807754 | ||
| 005 | 20260406060208.0 | ||
| 035 | _a(NLR Aleph) 004908297 | ||
| 090 |
_a5449774 _c5449774 |
||
| 100 | _a20071224e19061902|||y0rusy50 ca | ||
| 101 | 1 |
_arus _cgre |
|
| 102 | _aRU | ||
| 105 | _ay z ||||| | ||
| 200 | 1 |
_aИз жития св. Андрея Христа ради юродивого _e(Из рукописей святителя Феофана _eПер. с греч. _fСост. Никифором, свящ. Соф. Константиноп. церкви, очевидцем) |
|
| 205 | _a2-е изд. | ||
| 210 |
_aМосква _cТипо-лит. И. Ефимова _dценз. 1906 |
||
| 215 |
_a8 с. _d22 |
||
| 225 | 1 |
_aБлагословение обители Святого Пантелеймона _v№ 379 |
|
| 309 | _aБез тит. л. и обл. | ||
| 311 | _aИз "Душ. собеседника" 1902 г. | ||
| 488 | 0 |
_12001#$aДушеполезный собеседник$v1902 _tДушеполезный собеседник |
|
| 532 | 1 | 2 | _aИз жития святого Андрея Христа ради юродивого |
| 700 | 0 |
_4220 _8rus _7ca _aНикифор _cсвященнослужитель _3RU\NLR\AUTH\7795204 _978130 |
|
| 702 | 0 |
_4570 _8rus _7ca _aАндрей Юродивый _cсвятой _fок.5 в. _3RU\NLR\AUTH\7710462 _9120234 |
|
| 702 | 0 |
_aФеофан _4100 |
|
| 801 | 0 |
_aRU _bNLR _gpsbo |
|
| 801 | 0 |
_aRU _bRuMoRGB _2psbo |
|
| 801 | 1 |
_aRU _bProSoft-M _2rusmarc |
|
| 852 |
_aNLR _j18.257.1.302(№ 379) |
||
| 942 | _cBOOK | ||
| 980 | _aNB | ||